Performance of the RRII 400 series and certain prang besar (PB) clones in various locations in India: A report (Record no. 44357)

MARC details
000 -LEADER
fixed length control field 00384nam a2200109Ia 4500
082 ## - DEWEY DECIMAL CLASSIFICATION NUMBER
Classification number NR:63:RI400
Item number VAR
100 ## - MAIN ENTRY--AUTHOR NAME
Personal name Varghese, Y A
245 #0 - TITLE STATEMENT
Title Performance of the RRII 400 series and certain prang besar (PB) clones in various locations in India: A report
260 ## - PUBLICATION, DISTRIBUTION, ETC. (IMPRINT)
Place of publication Kottayam
Name of publisher Rubber Research Institute of India
Year of publication 2009
942 ## - ADDED ENTRY ELEMENTS (KOHA)
Koha item type Books
Holdings
Withdrawn status Lost status Damaged status Not for loan Home library Current library Date acquired Source of acquisition Full call number Accession Number Koha item type
        RRII Library RRII Library 16/12/2021 Gift NR:63:RI400 VAR G01104 Books